Finanční analýza na kapitálových trzích
Špecifikovanie a význam vhodnosti investícií na základe akciovej analýzy.
Gespeichert in:
| 1. Verfasser: | |
|---|---|
| Weitere Verfasser: | |
| Format: | Buchkapitel |
| Sprache: | Tschechisch |
| Schlagworte: | |
| Tags: |
Keine Tags, Fügen Sie das erste Tag hinzu!
|
MARC
| LEADER | 00000naa a2200000 4500 | ||
|---|---|---|---|
| 001 | 0182004 | ||
| 005 | 20220713131105.9 | ||
| 041 | 0 | |a cze | |
| 044 | |a CZ | ||
| 245 | 1 | 0 | |a Finanční analýza na kapitálových trzích |c Jaroslav Šura, Gabriela Kukalová |
| 520 | |a Špecifikovanie a význam vhodnosti investícií na základe akciovej analýzy. | ||
| 610 | 2 | 0 | |a trh kapitálový |
| 610 | 2 | 0 | |a analýza finančná |
| 610 | 2 | 0 | |a analýza fundamentálna |
| 610 | 2 | 0 | |a investície |
| 610 | 2 | 0 | |a akcie |
| 100 | 1 | |a Šura, Jaroslav | |
| 700 | 1 | |a Kukalová, Gabriela | |